00556nam a2200169 450000500170000001000150001702000270003203500140005903700130007308200110008610000230009724500520012026000350017227001030020730000260031050000500033620200203161259.0 aENG-127448 a9789382730613c1395.00 aEN-110980 bDBAD/PUB a371.33 aTambe,Shashikant L aTechnology of Education/cby Shashikant L Tambe aKanpurbGarima Prakashanc2018 a1st floor,.Mayur Park,Basant Vihar Naubasta, Kanpur-21bKanpure208021mgarima.prakashan@gmail.com aViiii;328p.c23cm(hb) aincludes bibliographical references and index